000 00574nam a2200229Ia 4500
003 OSt
005 20220924150235.0
006 a|||||r|||| 00| 0
007 ta
008 220923b |||||||| |||| 00| 0 tel d
024 _a332490
037 _cTextual
040 _aARTS
_cARTS
_btel
041 _2tel
_atel
082 _a035,1G40,1, J5
100 _aSomanathudu Au.
_9221659
245 0 _aAnubhavasaramu
260 _c1955
650 _aTELUGU LITERATURE
942 _h035,1G40,1, J5
_cTEXL
_2CC
999 _c462728
_d462728